Les villes les plus peuplées d'Europe commençant par I - Statistiques

Statistiques générales
  • Ce quiz a été pris 73 fois
  • Le résultat moyen est 2 sur 9
Statistiques - réponses
Pays Population Villes % Correct
Turquie 15 244 000 Istanbul
100%
Autriche 131 000 Innsbruck
58%
Angleterre 151 000 Ipswich
35%
Roumanie 271 000 Iasi
18%
Russie 577 000 Iaroslavl
6%
Russie 281 000 Iochkar-Ola
2%
Ukraine 238 000 Ivano-Frankivsk
2%
Russie 623 000 Ijevks
0%
Russie 361 000 Ivonavo
0%
Aucun quiz correspondant
Distribution des résultats
% des personnes avec chaque résultat
Percentile par nombre de réponses
Votre historique - résultats
Vous n’avez pas pris ce quiz